Grizzly bears : on the hunt (Record no. 393626)

MARC details
000 -LEADER
fixed length control field 00269nam a2200097Ia 4500
082 ## - DEWEY DECIMAL CLASSIFICATION NUMBER
Classification number J 599.784 POLY
008 - FIXED-LENGTH DATA ELEMENTS--GENERAL INFORMATION
fixed length control field 210817s9999 xx 000 0 und d
100 ## - MAIN ENTRY--PERSONAL NAME
Personal name Polydoros, Lori Mankato, Minn., 2009
9 (RLIN) 95168
245 #0 - TITLE STATEMENT
Title Grizzly bears : on the hunt
942 ## - ADDED ENTRY ELEMENTS
item type Books
Holdings
Withdrawn status Lost status Damaged status Not for loan Home library Current library Date acquired Cost, normal purchase price Total Checkouts Barcode Date last seen Price effective from item type
        DAGGAKRAAL PUBLIC LIBRARY DAGGAKRAAL PUBLIC LIBRARY 20.08.2021 194.00   33228020801799 20.08.2021 20.08.2021 Books